| 000 | 02071nam a2200229 4500 | ||
|---|---|---|---|
| 001 | ESSALUD | ||
| 007 | ta | ||
| 008 | t2026 pe ||||| |||| 00| 0 spa d | ||
| 040 | _aBMG | ||
| 041 | _aspa | ||
| 100 |
_aRodríguez Luna, Juan Carlos _eautor _952704 |
||
| 245 | _aLa corrupción y su impacto en la salud mental de los gestores públicos en el Perú | ||
| 300 | _apáginas 51-57 | ||
| 520 | _aCon el objetivo de analizar el impacto de la corrupción sobre la salud mental de los gestores públicos en el Perú, identificando las principales manifestaciones psicológicas, los factores de riesgo y las estrategias de mitigación descritas en la literatura científica, se realizó una revisión narrativa estructurada de la literatura publicada entre 2015 y 2025 en bases de datos como PubMed, Scopus, SciELO y Google Scholar, utilizando descriptores MeSH y DeCS en español e inglés. Se incluyeron 38 publicaciones seleccionadas mediante criterios explícitos de inclusión y exclusión. Los gestores públicos que operan en entornos de alta corrupción presentan mayores índices de agotamiento emocional, deterioro de la identidad profesional y conflictos éticos persistentes. Se identifican como factores de riesgo la ambigüedad normativa, la presión institucional para participar en actos irregulares y la impunidad sistemática. Existe una relación bidireccional entre corrupción y deterioro de la salud mental en gestores públicos peruanos, con implicancias para las políticas de gestión del talento humano en el sector público. La implementación de sistemas de integridad organizacional, la capacitación en ética pública y el fortalecimiento de mecanismos de denuncia constituyen estrategias protectoras. | ||
| 650 |
_aCORRUPCIÓN _93938 |
||
| 650 |
_aSALUD LABORAL _96630 |
||
| 650 |
_aAGOTAMIENTO PROFESIONAL _914872 |
||
| 650 | _aSALUD MENTAL | ||
| 653 | _aEMPLEADO PÚBLICO | ||
| 773 | 0 |
_022497 _922595 _dLima : IETSI _oCITES01 _tCiencia y Tecnología aplicada a la Salud Pública _wESSALUD _x3119-7981 |
|
| 942 |
_cARTICULOS _e2026-06-11 _zAFC |
||
| 999 |
_c22523 _d22523 |
||